Normal view
MARC view
- Reynoso González, Oscar Ulises
Entry Nombre Personal
001 - NUMERO DE CONTROL
- campo de control: 50558
003 - IDENTIFICADOR DE NUMERO DE CONTROL
- campo de control: UPN
005 - FECHA Y HORA DE LA ÜLTIMA TRANSACCIÓN
- campo de control: 20231107100427.0
008 - DATOS DE LONGITUD FIJA
- campo de control de longitud fija: 231107|| acz||aabn | a|a d
040 ## - FUENTE DE CATALOGACIÓN
- Agencia original de catalogación: MX-MxUPN
100 1# - ENCABEZAMIENTO - NOMBRE PERSONAL
- Nombre personal: Reynoso González, Oscar Ulises
370 ## - LUGAR ASOCIADO
- Place of birth: Guadalajara, Jalisco, México
372 ## - CAMPO DE ACTIVIDAD
- Field of activity: Ciencias de la salud, psicología
- Field of activity: Docencia e investigación
373 ## - GRUPO ASOCIADO
- Associated group: Universidad de Guadalajara
374 ## - OCUPACIÓN
- Occupation: Psicólogo
- Occupation: Profesor e investigador universitario
670 ## - FUENTE EN LA QUE SE LOCALIZARON DATOS
- Cita de la fuente: En recurso en línea Ciencias psicológicas Vol. 7, no. 1 (2023):
- Información localizada: página 1 (Oscar Ulises Reynoso González)
- Uniform Resource Identifier: https://revistas.ucu.edu.uy/index.php/cienciaspsicologicas/article/view/2912/2800
902 ## - CATALOGADOR
- Catalogador: RGJD/071123
